Globalizácia a jej vplyv na procesy investovania v ekonomike SR bakalárska práca

Gespeichert in:
Bibliographische Detailangaben
1. Verfasser: Bereczová, Monika
Körperschaft: Národohospodárska fakulta EU. Katedra hospodárskej politiky
Weitere Verfasser: Vidová, Jarmila, 1967-
Format: Buch
Sprache:Slowakisch
Veröffentlicht: Bratislava 2010
Tags: Tag hinzufügen
Keine Tags, Fügen Sie das erste Tag hinzu!

MARC

LEADER 00000nbm a2200000 4500
001 0133015
005 20161109111500.7
041 0 |a slo 
044 |a SK 
245 1 0 |a Globalizácia a jej vplyv na procesy investovania v ekonomike SR  |b bakalárska práca  |c Monika Bereczová ; školiteľ: Jarmila Vidová 
264 1 |a Bratislava  |c 2010 
300 |a 43 s. 
100 1 |a Bereczová, Monika 
700 1 |a Vidová, Jarmila, 1967- 
710 2 |a Národohospodárska fakulta EU. Katedra hospodárskej politiky